000 01155cam a22003377a 4500
003 CHAP
005 20220817043540.0
008 990610d1995 it rn 00110 fre d
010 _a78195
011 _a79167
020 _a9252034293
035 _a89332
040 _cCHAP
082 0 4 _a631.4
_bF33f v.74
110 2 _aFAO
245 1 0 _aBases de données numériques sur les sols et le terrain au niveau mondial et national (SOTER) :
_bmanuel de procédures
_c/par FAO
260 _aRome :
_bFAO,
_c1995.
300 _a130 p.
490 0 _aFAO. Informes sobre recursos mundiales de suelos
_v; 74
590 _aBATCH-UPD
_b10
_c20130110
_lUCH01
_h1643
590 _aBATCH-UPD
_b10
_c20130410
_lUCH01
_h1034
590 _aBATCH-UPD
_b10
_c20130914
_lUCH01
_h1353
590 _aCONVERSION
_b10
_c20130109
_lUCH01
_h1343
650 1 4 _aProcesamiento automático de datos en suelos.
650 1 4 _aSuelos
_xMapas.
_9110427
830 0 _aFAO. Informes sobre recursos mundiales de suelos
_v; 74
_939597
901 _aBK
905 _aLilia Sánchez G.
942 _cLIBRO
949 _a631.4 F33f v.74
_bBC
_cFAO
_d33724000727426
_eFAO1
_h94625
_i89332
_kDonaciØn
_sb
999 _c78195
_d78195